Регулирование деятельности на финансовом рынке: учебное пособие для вузов

Detalles Bibliográficos
Autor Principal: Ломтатидзе О. В. Ольга Владимировна
Outros autores: Котляров М. А. Максим Александрович, Школик О. А. Олег Александрович
Summary:Рассматриваются основные понятия современной финансово-кредитной сферы, даются классификации финансовых рынков и их инструментов. Излагаются актуальные вопросы регулирования деятельности участников финансового рынка. Для студентов бакалавриата и магистратуры, обучающихся по специальности "Финансы и кредит", аспирантов, преподавателей, специалистов, а также для использования в системе повышения квалификации и переподготовки кадров.
Idioma:ruso
Publicado: Москва, КноРус, 2012
Subjects:
Formato: Libro
KOHA link:https://koha.lib.tpu.ru/cgi-bin/koha/opac-detail.pl?biblionumber=203486

MARC

LEADER 00000nam0a2200000 4500
001 203486
005 20231101225143.0
010 |a 9785406017548 
035 |a (RuTPU)RU\TPU\book\221751 
090 |a 203486 
100 |a 20111108d2012 m y0rusy50 ca 
101 0 |a rus 
102 |a RU 
105 |a y j 001zy 
200 1 |a Регулирование деятельности на финансовом рынке  |e учебное пособие для вузов  |f О. В. Ломтатидзе, М. А. Котляров, О. А. Школик 
210 |a Москва  |c КноРус  |d 2012 
215 |a 288 с. 
320 |a Библиогр.: с. 271-276. 
330 |a Рассматриваются основные понятия современной финансово-кредитной сферы, даются классификации финансовых рынков и их инструментов. Излагаются актуальные вопросы регулирования деятельности участников финансового рынка. Для студентов бакалавриата и магистратуры, обучающихся по специальности "Финансы и кредит", аспирантов, преподавателей, специалистов, а также для использования в системе повышения квалификации и переподготовки кадров. 
606 1 |a Финансовый рынок  |2 stltpush  |3 (RuTPU)RU\TPU\subj\69827  |9 84516 
610 1 |a финансы 
610 1 |a инструменты 
610 1 |a функции 
610 1 |a банковская деятельность 
610 1 |a банковское регулирование 
610 1 |a надзор 
610 1 |a рынок ценных бумаг 
610 1 |a брокерская деятельность 
610 1 |a дилерская деятельность 
610 1 |a лицензирование 
610 1 |a контроль 
610 1 |a коллективные инвестиции 
610 1 |a инвестиционные фонды 
610 1 |a учебные пособия 
686 |a У9(2)262.29я73  |v LBC/SL-A  |2 rubbk 
700 1 |a Ломтатидзе  |b О. В.  |g Ольга Владимировна 
701 1 |a Котляров  |b М. А.  |g Максим Александрович 
701 1 |a Школик  |b О. А.  |g Олег Александрович 
801 1 |a RU  |b 63413507  |c 20111108 
801 2 |a RU  |b 63413507  |c 20150526  |g RCR 
900 |a Финансы 
942 |c BK 
959 |a 91/20111108  |d 2  |e 0,00  |f ЧЗГЛ:1  |f АНЛ:1